| 000 | 00544nam a2200229Ia 4500 | ||
|---|---|---|---|
| 008 | 210210b1979 xxu||||| |||| 00| 0 eng d | ||
| 041 | _aeng | ||
| 082 | _a330.1 DHIE | ||
| 100 | _aDHINGRA (I C) | ||
| 245 | _aEconomic systems and micro economic theory | ||
| 260 |
_aNew Delhi _bSultan Chand & Sons _c1979 |
||
| 300 | _axi, 463 | ||
| 650 | _atheory | ||
| 650 | _asystems | ||
| 650 | _amicro | ||
| 650 | _aEconomics | ||
| 650 | _aeconomic | ||
| 650 | _aand | ||
| 690 | _aEconomic Theory | ||
| 700 | _aGARG (V K) | ||
| 906 | _a034552 | ||
| 999 |
_c115955 _d115955 |
||